000 01498nam a2200361 a 4500
999 _c5505
_d5505
005 20180803165259.0
008 150708b2005 ck ||||| |||| 00| 0 spa d
040 _aCO-BoIAVH
_cCO-BoIAVH
041 _aspa
044 _ack
082 0 4 _a631.5
_bC82p
110 1 _aColombia.
_bCorporación Autónoma Regional de Nariño
245 1 0 _aPrácticas agrícolas tradicionales del Pueblo Indígena de Los Pastos, en los resguardos de Cumbal, Chiles, Panan, Colimba, Pastas, Lales y Yaramal.
260 _aIpiales:
_bCorponariño,
_c2005.
300 _a36 paginas.
_c28 x 22 cm
650 4 _aBuenas prácticas agrícolas
650 4 _aConocimiento tradicional
650 _aResguardo indígena de Cumbal
_zNariño (Dpto.)
650 4 _aResguardo indígena de Chiles
_zNariño (Dpto.)
650 1 4 _aResguardo indígena de Panan
_zNariño (Dpto.)
650 _aResguardo indígena de Colimba
_zNariño (Dpto.)
650 4 _aResguardo indígena de Pastas
_zNariño (Dpto.)
650 6 _aResguardo indígena de Males
_zNariño (Dpto.)
650 6 _aResguardo indígena de Yaramal
_zNariño (Dpto.)
700 1 _aBolaños-López, Alvaro
_ecoordinador
700 1 _aIbarra-Ceballos, Enrique
700 1 _aMuñoz-Lemus, Fabiola
700 1 _aCalvachi, Andrea
700 1 _aNarváez, William
700 1 _aAguilar-Montenegro, Yady
942 _cLIBRO
_2ddc
945 _d2007-05-10